Kaleidoscope'd Marvel Characters Quiz Stats

 Plays Quiz not verified by Sporcle

Score 0/36 Timer 05:00
0 Plays Today
% Correct
Deadpool
80.6%
Spider-Man
80%
Iron Man
80%
Hulk
79.2%
Thor
78.2%
Captain America
76.5%
Thing
74.8%
Venom
72.9%
Cyclops
71.3%
Silver Surfer
70%
Beast
69.9%
Human Torch
68.6%
Doctor Doom
67.5%
Scarlet Witch
67.1%
War Machine
66.9%
Doctor Strange
65.9%
Green Goblin
64.6%
Groot (with Rocket Raccoon)
63.5%
% Correct
Punisher
62.8%
Magneto
62%
Storm
61.6%
Wolverine
59.4%
Hawkeye
59.4%
Galactus
58.9%
Colossus
54%
Iceman
52.5%
Blade
50.7%
Namor
50.1%
Bullseye
49.4%
Nightcrawler
46.8%
Ant-Man
46.8%
Electro
46.1%
Captain Britain
43.7%
Lizard
43.6%
Gambit
41.6%
Ghost Rider
39.7%

You're not logged in!

Compare scores with friends on all Sporcle quizzes.
OR
Log In

Sporcle TV

Today on Sporcle TV


Watch our educational content, quiz creation guides, and fun videos on Sporcle TV.

Show Comments

Extras

Top Quizzes Today


Score Distribution

Your Account Isn't Verified!

In order to create a playlist on Sporcle, you need to verify the email address you used during registration. Go to your Sporcle Settings to finish the process.

Report this User

Report this user for behavior that violates our Community Guidelines.

Details: